[Event "Euro Online U2300 Day 1"]
[Site "chess.com INT"]
[Date "2020.05.25"]
[Round "7"]
[White "Ruzicka, Ales"]
[Black "Thorsteinsson, Thorsteinn"]
[Result "0-1"]
[BlackTitle "FM"]
[WhiteElo "2108"]
[BlackElo "2271"]
[WhiteFideId "325252"]
[BlackFideId "2300281"]
[EventDate "2020.05.25"]

1. e4 c5 2. Nf3 d6 3. d4 cxd4 4. Nxd4 Nf6 5. Nc3 g6 6. Bc4 Bg7 7. Be3 Nc6 8. Bb3
O-O 9. f3 Bd7 10. Qd2 Rc8 11. O-O-O Ne5 12. g4 Nc4 13. Bxc4 Rxc4 14. h4 Qc7 15.
h5 Rc8 16. hxg6 fxg6 17. Bh6 Nxe4 18. fxe4 Rxd4 19. Qe3 Rxd1+ 20. Kxd1 Bxg4+ 21.
Kd2 Qc5 22. Bxg7 Qxe3+ 23. Kxe3 Kxg7 24. Kf4 Be6 25. Rh2 h6 26. Nb5 Bd7 27. Nc3
Bc6 28. e5 Rf8+ 29. Ke3 dxe5 30. b4 a6 31. a4 b5 32. axb5 axb5 33. Ne4 Bxe4 34.
Kxe4 Rf4+ 35. Kxe5 Rxb4 36. Ke6 g5 37. Kxe7 Kg6 38. Ke6 g4 39. Kd5 Rc4 40. Rg2
h5 0-1

[Event "Euro Online U2300 Day 1"]
[Site "chess.com INT"]
[Date "2020.05.25"]
[Round "7"]
[White "Simet, Martin"]
[Black "Dalkowski, Rafal"]
[Result "1-0"]
[WhiteTitle "FM"]
[WhiteElo "2194"]
[BlackElo "1877"]
[WhiteFideId "377244"]
[BlackFideId "21862460"]
[EventDate "2020.05.25"]

1. d4 Nf6 2. Nf3 d5 3. Bf4 e6 4. e3 Bd6 5. Bg3 O-O 6. Bd3 b6 7. Nbd2 Bb7 8. Ne5
c5 9. c3 Nc6 10. f4 Be7 11. Qf3 Rc8 12. O-O Nxe5 13. fxe5 Ne4 14. Nxe4 dxe4 15.
Bxe4 Bxe4 16. Qxe4 cxd4 17. exd4 b5 18. a3 a5 19. Qf3 Qc7 20. Kh1 b4 21. axb4
axb4 22. d5 exd5 23. e6 Qc4 24. exf7+ Kh8 25. Be5 Qe4 26. Qg3 Qg6 27. Qxg6 hxg6
28. Rf3 Rc4 29. Bd4 Bh4 30. Rh3 Rxf7 31. Ra8+ Kh7 32. Rxh4# 1-0

[Event "Euro Online U2300 Day 1"]
[Site "chess.com INT"]
[Date "2020.05.25"]
[Round "7"]
[White "Chertkov, Maksim"]
[Black "Panagopoulos, Nikolaos"]
[Result "1-0"]
[BlackTitle "FM"]
[WhiteElo "1972"]
[BlackElo "2238"]
[WhiteFideId "54145481"]
[BlackFideId "4205375"]
[EventDate "2020.05.25"]

1. e4 c5 2. Nf3 e6 3. d4 cxd4 4. Nxd4 a6 5. Bd3 Qb6 6. Be3 Qxb2 7. Nd2 Qc3 8.
Rb1 Nc6 9. Rb3 Qa5 10. Nxc6 bxc6 11. Bb6 Qg5 12. O-O d5 13. exd5 cxd5 14. c4 Nf6
15. Nf3 Qh5 16. cxd5 Nxd5 17. Be4 Bb7 18. Bd4 Bc6 19. Rb6 Bb5 20. Rxb5 axb5 21.
Qb3 Rb8 22. Re1 Be7 23. Bxg7 Rg8 24. Be5 Rb6 25. Bxd5 exd5 26. Qxd5 Ra6 27.
Qxb5+ Kf8 28. Bg7+ Rxg7 29. Qb8+ 1-0

[Event "Euro Online U2300 Day 1"]
[Site "chess.com INT"]
[Date "2020.05.25"]
[Round "7"]
[White "Risteski, Emil"]
[Black "Aliakbarov, Anar"]
[Result "1/2-1/2"]
[BlackTitle "FM"]
[WhiteElo "2159"]
[BlackElo "2219"]
[WhiteFideId "15005267"]
[BlackFideId "13401858"]
[EventDate "2020.05.25"]

1. e4 c5 2. Nf3 e6 3. d4 cxd4 4. Nxd4 Nf6 5. Nc3 Nc6 6. Nxc6 bxc6 7. e5 Nd5 8.
Ne4 Qc7 9. f4 Rb8 10. c4 Bb4+ 11. Kf2 O-O 12. cxd5 cxd5 13. Ng5 f6 14. exf6 Rxf6
15. g3 Bc5+ 16. Kg2 Bb7 17. Bd3 h6 18. Nf3 d6 19. Qe2 Re8 20. Re1 e5 21. fxe5
dxe5 22. Bf4 Rxf4 23. gxf4 e4 24. Ne5 exd3 25. Qxd3 Qb6 1/2-1/2

[Event "Euro Online U2300 Day 1"]
[Site "chess.com INT"]
[Date "2020.05.25"]
[Round "7"]
[White "Koutlas, Nikolaos"]
[Black "Stan, Andrei-Mihaita"]
[Result "0-1"]
[WhiteElo "2032"]
[BlackElo "2044"]
[WhiteFideId "25827138"]
[BlackFideId "1232118"]
[EventDate "2020.05.25"]

1. e4 c5 2. Nf3 a6 3. c4 Nc6 4. d4 cxd4 5. Nxd4 e5 6. Nf3 Bc5 7. Nc3 d6 8. Be2
Bg4 9. Nxe5 Nxe5 10. Bxg4 Qh4 11. Be2 Qxf2+ 12. Kd2 Nf6 13. Rf1 Qxg2 14. Rxf6
gxf6 15. Nd5 O-O-O 16. b4 Bd4 17. Rb1 Qxe4 18. Ba3 Rhg8 19. Qa4 Rg2 0-1

[Event "Euro Online U2300 Day 1"]
[Site "chess.com INT"]
[Date "2020.05.25"]
[Round "7"]
[White "Gloser, David"]
[Black "Bulatov, Ramil"]
[Result "0-1"]
[WhiteElo "2228"]
[BlackElo "2222"]
[WhiteFideId "381420"]
[BlackFideId "4166140"]
[EventDate "2020.05.25"]

1. e4 e6 2. d4 d5 3. e5 c5 4. c3 Nc6 5. Nf3 Qb6 6. a3 Nh6 7. b4 cxd4 8. cxd4 Nf5
9. Bb2 Be7 10. Bd3 a5 11. b5 Ncxd4 12. Nxd4 Nxd4 13. Qg4 Nb3 14. Qxg7 Rf8 15.
O-O Nxa1 16. Bxa1 Bd7 17. a4 O-O-O 18. Nd2 Qc5 19. Rb1 Qa3 20. Qg4 Qxd3 21. Rc1+
Kb8 22. Qf4 Rc8 0-1

[Event "Euro Online U2300 Day 1"]
[Site "chess.com INT"]
[Date "2020.05.25"]
[Round "7"]
[White "Hovsepyan, Vardan"]
[Black "Popov, Maksim"]
[Result "1-0"]
[WhiteElo "2231"]
[BlackElo "2094"]
[WhiteFideId "13304291"]
[BlackFideId "54123968"]
[EventDate "2020.05.25"]

1. e4 e6 2. d4 d5 3. Nc3 Bb4 4. e5 c5 5. a3 Bxc3+ 6. bxc3 Ne7 7. Bd3 c4 8. Be2
Qa5 9. Qd2 Qa4 10. Bd1 Nbc6 11. Qg5 Kf8 12. Be3 h6 13. Qh5 Nf5 14. g4 Nxe3 15.
fxe3 g6 16. Qh3 Qa5 17. Kd2 b5 18. Rb1 Rb8 19. Ne2 Qxa3 20. Rf1 b4 21. Nf4 Kg7
22. cxb4 Rxb4 23. Qf3 c3+ 24. Ke1 Rxb1 25. Nh5+ gxh5 26. Qxf7# 1-0

[Event "Euro Online U2300 Day 1"]
[Site "chess.com INT"]
[Date "2020.05.25"]
[Round "7"]
[White "Pham, Khoi"]
[Black "Malovanyi, Yulian"]
[Result "1-0"]
[BlackTitle "FM"]
[WhiteElo "2048"]
[BlackElo "2311"]
[WhiteFideId "1054988"]
[BlackFideId "14171198"]
[EventDate "2020.05.25"]

1. d4 Nf6 2. c4 g6 3. Nc3 Bg7 4. e4 O-O 5. h3 d6 6. Be3 Na6 7. Qc2 e5 8. d5 Nh5
9. Nf3 f5 10. a3 Nc5 11. Bxc5 dxc5 12. Bd3 Nf4 13. O-O Nxd3 14. Qxd3 f4 15. Rfd1
Bd7 16. b4 cxb4 17. axb4 g5 18. c5 Qf6 19. c6 bxc6 20. dxc6 Bxc6 21. Ra6 Rfd8
22. Qc4+ Kh8 23. Rxc6 Rxd1+ 24. Nxd1 Qd8 25. Nc3 a5 1-0

[Event "Euro Online U2300 Day 1"]
[Site "chess.com INT"]
[Date "2020.05.25"]
[Round "7"]
[White "Maximov, Oleg"]
[Black "Queirolo Perez, Manuel"]
[Result "1-0"]
[WhiteElo "2219"]
[BlackElo "2145"]
[WhiteFideId "4176960"]
[BlackFideId "3401219"]
[EventDate "2020.05.25"]

1. e4 c5 2. Nf3 Nc6 3. d3 e6 4. g3 d5 5. Nbd2 Nf6 6. Bg2 dxe4 7. dxe4 e5 8. O-O
Be7 9. c3 O-O 10. Qe2 Qc7 11. Nc4 b5 12. Ne3 c4 13. Nd5 Qb7 14. a4 bxa4 15. Qxc4
Be6 16. Qxc6 Bxd5 17. exd5 Qb3 18. Nxe5 Rac8 19. Qxa4 Qb8 20. Nc6 Qd6 21. Bf4
Qd7 22. Qxa7 Qxa7 23. Rxa7 Bc5 24. Ne7+ Bxe7 25. Rxe7 Rfd8 26. d6 Kf8 27. Rfe1
h6 28. Rc7 Rb8 29. Ree7 Rxb2 30. Rxf7+ Kg8 31. Rxg7+ Kh8 32. Be5 Rf8 33. Rh7+
Kg8 34. Rcg7# 1-0

[Event "Euro Online U2300 Day 1"]
[Site "chess.com INT"]
[Date "2020.05.25"]
[Round "7"]
[White "Altarbosh, Ward"]
[Black "Berzina, Ilze"]
[Result "1/2-1/2"]
[WhiteTitle "FM"]
[BlackTitle "WGM"]
[WhiteElo "2234"]
[BlackElo "2192"]
[WhiteFideId "7601450"]
[BlackFideId "11601345"]
[EventDate "2020.05.25"]

1. e4 c6 2. Nf3 d5 3. Nc3 Nf6 4. e5 Ne4 5. Ne2 Qb6 6. d4 e6 7. Ng3 Nxg3 8. hxg3
c5 9. Bd3 cxd4 10. Nxd4 Bc5 11. c3 Nc6 1/2-1/2

[Event "Euro Online U2300 Day 1"]
[Site "chess.com INT"]
[Date "2020.05.25"]
[Round "7"]
[White "Barak, David"]
[Black "Grigoryan, Aram"]
[Result "0-1"]
[WhiteElo "2116"]
[BlackElo "1996"]
[WhiteFideId "387347"]
[BlackFideId "13310542"]
[EventDate "2020.05.25"]

1. d4 Nf6 2. c4 c5 3. d5 b5 4. Nd2 g6 5. b3 Bg7 6. Bb2 O-O 7. e4 d6 8. Qc2 b4 9.
Ngf3 Bg4 10. Ng1 a5 11. a4 bxa3 12. Rxa3 Na6 13. h3 Nb4 14. Qb1 Bd7 15. Ne2 a4
16. bxa4 Rxa4 17. Rxa4 Bxa4 18. Nc3 Nc2+ 19. Ke2 Nd4+ 20. Kd3 Bc2+ 21. Qxc2 Nxc2
22. Kxc2 Nd7 23. f4 Nb6 24. Bd3 Qd7 25. Ra1 Ra8 26. Rxa8+ Nxa8 27. Nb5 Nc7 28.
Bxg7 Kxg7 29. Nb3 Na6 30. Kc3 Nb4 31. Bb1 Qb7 32. Nd2 Qa6 33. Kb3 Qa1 34. g4 Qf6
35. e5 Qxf4 36. exd6 exd6 37. Ne4 Qe3+ 38. Kb2 Nd3+ 39. Bxd3 Qxd3 40. Nexd6 Qxh3
41. Kc2 Qxg4 42. Nb7 h5 43. Kc3 h4 44. Nxc5 h3 45. d6 h2 46. d7 Qg3+ 47. Kb4 Qb8
48. Nb7 Qxb7 49. d8=Q h1=Q 50. Qd4+ Kh7 51. Qf6 Qh5 52. Kc3 Qbf3+ 53. Qxf3 Qxf3+
54. Kb4 g5 0-1

[Event "Euro Online U2300 Day 1"]
[Site "chess.com INT"]
[Date "2020.05.25"]
[Round "7"]
[White "Kanyamarala, Trisha"]
[Black "Czernek, Tymon"]
[Result "1/2-1/2"]
[WhiteTitle "WIM"]
[WhiteElo "2193"]
[BlackElo "2199"]
[WhiteFideId "45004722"]
[BlackFideId "1199510"]
[EventDate "2020.05.25"]

1. d4 Nf6 2. c4 g6 3. Nc3 Bg7 4. e4 d6 5. Nf3 O-O 6. Be2 e5 7. d5 a5 8. O-O Na6
9. h3 Qe8 10. Qc2 h6 11. Be3 Nd7 12. a3 f5 13. exf5 gxf5 14. Rab1 Nf6 15. Ne1 f4
16. Bc1 Nc5 17. b4 axb4 18. axb4 Ncd7 19. Bd3 Nb6 20. Bg6 Qd8 21. Qe2 Ne8 22.
Nf3 Bf5 23. Bxf5 Rxf5 24. Rd1 Nf6 25. Qd3 Qd7 26. c5 dxc5 27. bxc5 e4 28. Nxe4
Nxe4 29. Qxe4 Rxd5 30. Rxd5 Qxd5 31. Qxd5+ Nxd5 32. Bd2 Ra1 33. Rxa1 Bxa1 34.
Kf1 Kf7 35. Ke2 Ke6 36. Kd3 Kf5 37. Nh4+ Kg5 38. Nf3+ Kf5 39. Nh4+ Ke6 40. Ng6
Kf5 41. Nh4+ 1/2-1/2

[Event "Euro Online U2300 Day 1"]
[Site "chess.com INT"]
[Date "2020.05.25"]
[Round "7"]
[White "Jakubauskas, Zygimantas"]
[Black "Chetina, Elizaveta"]
[Result "0-1"]
[BlackTitle "WFM"]
[WhiteElo "2032"]
[BlackElo "1906"]
[WhiteFideId "12801046"]
[BlackFideId "4100131"]
[EventDate "2020.05.25"]

1. e4 e5 2. Nf3 Nc6 3. d4 exd4 4. Nxd4 Bc5 5. c3 Qf6 6. Be3 Bb6 7. Be2 Nge7 8.
O-O O-O 9. Na3 d5 10. Nxc6 bxc6 11. Bxb6 cxb6 12. exd5 Nxd5 13. Bf3 Nf4 14. Qa4
Bb7 15. Nc2 b5 16. Qd4 Qh6 17. Qc5 Rfe8 18. Nd4 Rac8 19. Rfe1 Rxe1+ 20. Rxe1 Nd3
21. Qxa7 Nxe1 22. Qxb7 Nxf3+ 0-1

[Event "Euro Online U2300 Day 1"]
[Site "chess.com INT"]
[Date "2020.05.25"]
[Round "7"]
[White "Doric, Nenad"]
[Black "Orgse, Karl Kristofer"]
[Result "1-0"]
[WhiteTitle "IM"]
[WhiteElo "2249"]
[BlackElo "1724"]
[WhiteFideId "14501694"]
[BlackFideId "4506081"]
[EventDate "2020.05.25"]

1. e4 c6 2. d4 d6 3. c4 Nd7 4. Nc3 Qc7 5. Nf3 e5 6. Be2 Ngf6 7. O-O Be7 8. Be3
O-O 9. d5 Rd8 10. Nd2 a6 11. b4 c5 12. a3 Nf8 13. bxc5 dxc5 14. a4 b6 15. a5
bxa5 16. Qa4 Bd7 17. Qxa5 Qxa5 18. Rxa5 Rdc8 19. Rfa1 Bg4 20. f3 Bh5 21. Rxa6
Rxa6 22. Rxa6 N6d7 23. Nb5 f6 24. Nb3 Nb8 25. Ra8 Nfd7 26. d6 Bd8 27. Nxc5 Bb6
28. Nxd7 Bxe3+ 29. Kf1 Nxd7 30. Rxc8+ Kf7 31. Rd8 Nc5 32. Ra8 Ke6 33. Ra7 Bh6
34. Re7# 1-0

[Event "Euro Online U2300 Day 1"]
[Site "chess.com INT"]
[Date "2020.05.25"]
[Round "7"]
[White "Schlegel, Igor"]
[Black "Sergeev, Nikita S."]
[Result "1-0"]
[WhiteElo "2027"]
[BlackElo "1335"]
[WhiteFideId "1334956"]
[BlackFideId "34253670"]
[EventDate "2020.05.25"]

1. e4 e6 2. d4 d5 3. Nc3 Nf6 4. Bg5 Be7 5. e5 Nfd7 6. h4 h6 7. Be3 a6 8. Qg4 Kf8
9. O-O-O c5 10. Nf3 b5 11. Qf4 c4 12. g4 b4 13. Nb1 Nc6 14. g5 hxg5 15. Nxg5
Bxg5 16. Qxg5 Qxg5 17. Bxg5 a5 18. h5 f6 19. exf6 gxf6 20. Bf4 Ba6 21. Bh3 f5
22. h6 Rh7 23. c3 Kf7 24. Nd2 Rg8 25. Nf3 Ke8 26. Rde1 Nf8 27. Bxf5 Rf7 28. Bxe6
Nxe6 29. Rxe6+ Kd7 30. Rd6+ Kc7 31. Rf6+ Kd7 32. Rxf7+ Ne7 33. h7 Rh8 34. Bg5 1-0

[Event "Euro Online U2300 Day 1"]
[Site "chess.com INT"]
[Date "2020.05.25"]
[Round "7"]
[White "Fernandez Madrid, Carlos"]
[Black "Haring, Filip"]
[Result "0-1"]
[WhiteTitle "CM"]
[BlackTitle "FM"]
[WhiteElo "2118"]
[BlackElo "2306"]
[WhiteFideId "2206030"]
[BlackFideId "14933080"]
[EventDate "2020.05.25"]

1. d4 Nf6 2. g3 d5 3. Bg2 Bf5 4. Nf3 c6 5. Nh4 Be4 6. f3 Bg6 7. Nxg6 hxg6 8. f4
e6 9. Nc3 Nbd7 10. a3 Bd6 11. e4 dxe4 12. Nxe4 Nxe4 13. Bxe4 Nf6 14. Bg2 Qb6 15.
c4 Be7 16. c5 Qc7 17. Be3 Rd8 18. Qb3 Nd5 19. Bf2 Qa5+ 20. Kf1 Rd7 21. Bf3 g5
22. fxg5 Bxg5 23. Kg2 O-O 24. Rad1 Rfd8 25. h4 Bf6 26. h5 Ne7 27. h6 g6 28. h7+
Kh8 29. Bg4 Bxd4 30. Bxd4+ Rxd4 31. Rxd4 Rxd4 32. Qxb7 Qd2+ 33. Kh3 Qh6+ 34. Kg2
Rd2+ 35. Kg1 Qe3+ 36. Kf1 Qf2# 0-1

[Event "Euro Online U2300 Day 1"]
[Site "chess.com INT"]
[Date "2020.05.25"]
[Round "7"]
[White "Petriashvili, Nikoloz"]
[Black "Koskela, Niina"]
[Result "1/2-1/2"]
[WhiteTitle "IM"]
[BlackTitle "WGM"]
[WhiteElo "2423"]
[BlackElo "2197"]
[WhiteFideId "13611216"]
[BlackFideId "500755"]
[EventDate "2020.05.25"]

1. d4 Nf6 2. c4 e6 3. g3 d5 4. Nf3 Be7 5. Bg2 O-O 6. Qc2 dxc4 7. Qxc4 a6 8. O-O
b5 9. Qc2 Bb7 10. Bd2 Nbd7 11. Rd1 Rc8 12. b4 Be4 13. Qc1 Nd5 14. a3 N7b6 15.
Nc3 Nxc3 16. Bxc3 Nd5 17. Bb2 Qe8 18. Ne5 Bxg2 19. Kxg2 Bd6 20. Nd3 Nb6 21. Qc2
Nc4 22. Bc3 Qc6+ 23. Kg1 f5 24. Nb2 f4 25. Nxc4 Qxc4 26. Rac1 Qd5 27. Be1 1/2-1/2

[Event "Euro Online U2300 Day 1"]
[Site "chess.com INT"]
[Date "2020.05.25"]
[Round "7"]
[White "Novikova, Galina"]
[Black "Nilssen, Ellen Fredericia"]
[Result "1-0"]
[WhiteTitle "WFM"]
[BlackTitle "WFM"]
[WhiteElo "2073"]
[BlackElo "2071"]
[WhiteFideId "4157095"]
[BlackFideId "1441230"]
[EventDate "2020.05.25"]

1. e4 e6 2. Nf3 d5 3. e5 c5 4. b4 cxb4 5. a3 Nc6 6. axb4 Bxb4 7. c3 Be7 8. d4
Nh6 9. Bd3 Nf5 10. Na3 Nh4 11. Nxh4 Bxh4 12. Nb5 O-O 13. Qh5 g6 14. Qh6 Be7 15.
h4 Re8 16. Ba3 Bxa3 17. Rxa3 Qe7 18. h5 Qf8 19. Qg5 Bd7 20. hxg6 fxg6 21. Qh4
Qe7 22. Qh3 Qg7 23. Nc7 Rac8 24. Nxe8 Bxe8 25. Qxe6+ 1-0

[Event "Euro Online U2300 Day 1"]
[Site "chess.com INT"]
[Date "2020.05.25"]
[Round "7"]
[White "Gevorgyan, Albert"]
[Black "Pniaczek, Marek"]
[Result "1-0"]
[BlackTitle "CM"]
[WhiteElo "2170"]
[BlackElo "2102"]
[WhiteFideId "13309951"]
[BlackFideId "21800421"]
[EventDate "2020.05.25"]

1. Nf3 Nf6 2. c4 g6 3. Nc3 Bg7 4. d4 O-O 5. g3 d6 6. Bg2 Nc6 7. O-O Bf5 8. Ne1
Qd7 9. e4 Bh3 10. f3 Bxg2 11. Kxg2 e5 12. d5 Nd4 13. Be3 Nh5 14. Nc2 Nxc2 15.
Qxc2 f5 16. b4 f4 17. Bf2 fxg3 18. hxg3 Bh6 19. c5 Rf6 20. c6 bxc6 21. dxc6 Qxc6
22. Qb3+ Kh8 23. Nd5 Rff8 24. Rh1 Qd7 25. b5 c6 26. bxc6 Qxc6 27. Rab1 Rf7 28.
g4 Nf4+ 29. Nxf4 Rxf4 30. Rxh6 Rxg4+ 31. fxg4 Qxe4+ 32. Qf3 1-0

[Event "Euro Online U2300 Day 1"]
[Site "chess.com INT"]
[Date "2020.05.25"]
[Round "7"]
[White "Gorsek, Gregor"]
[Black "Terbe, Zsuzsanna"]
[Result "1-0"]
[BlackTitle "WFM"]
[WhiteElo "2088"]
[BlackElo "2192"]
[WhiteFideId "14605899"]
[BlackFideId "708801"]
[EventDate "2020.05.25"]

1. e4 c5 2. c3 Nc6 3. d4 cxd4 4. cxd4 d5 5. Nc3 dxe4 6. d5 Ne5 7. Qa4+ Bd7 8.
Qxe4 Ng6 9. Bg5 Nf6 10. Bxf6 gxf6 11. h4 Qb6 12. Rb1 O-O-O 13. Nf3 e6 14. dxe6
fxe6 15. h5 Ne7 16. Bc4 e5 17. O-O Bf5 18. Qh4 Bxb1 19. Rxb1 Nf5 20. Qh3 Kb8 21.
Qxf5 Bc5 22. Ne4 Bd4 23. b3 Rhf8 24. Kf1 Qa5 25. a4 Qb6 26. Qe6 Qxe6 27. Bxe6 f5
28. Neg5 h6 29. Nf7 Rde8 30. Bc4 Bc3 31. Rc1 Bb4 32. N7xe5 Rf6 33. Nd7+ 1-0

[Event "Euro Online U2300 Day 1"]
[Site "chess.com INT"]
[Date "2020.05.25"]
[Round "7"]
[White "Popadic, Dragan"]
[Black "Van Hoolandt, Patrick"]
[Result "0-1"]
[WhiteTitle "FM"]
[BlackTitle "FM"]
[WhiteElo "2180"]
[BlackElo "2063"]
[WhiteFideId "913650"]
[BlackFideId "200999"]
[EventDate "2020.05.25"]

1. e4 e5 2. Nf3 Nc6 3. Bb5 Nf6 4. d3 Bc5 5. Bxc6 dxc6 6. Nbd2 Be6 7. O-O Nd7 8.
a3 a5 9. Qe1 O-O 10. h3 Re8 11. b3 f6 12. Nc4 b6 13. Ne3 Nf8 14. Nh4 Bd4 15. Rb1
a4 16. b4 Ba2 17. Bd2 Bxb1 18. Qxb1 Bxe3 19. Bxe3 Ne6 20. Nf5 g6 21. Nh6+ Kg7
22. Qc1 Qd7 23. Kh1 Rad8 24. Ng4 h5 25. Nh2 c5 26. bxc5 bxc5 27. f4 Nxf4 28.
Bxf4 exf4 29. Qxf4 Qd6 30. Qf2 c4 31. dxc4 Qd4 32. Qf3 Rxe4 33. Qg3 Qe5 34. Qf2
Re2 35. Qh4 Rd4 0-1

[Event "Euro Online U2300 Day 1"]
[Site "chess.com INT"]
[Date "2020.05.25"]
[Round "7"]
[White "Muradli, Mahammad"]
[Black "Sevdimaliyev, Urfan"]
[Result "1-0"]
[WhiteTitle "IM"]
[BlackTitle "GM"]
[WhiteElo "2449"]
[BlackElo "2369"]
[WhiteFideId "13409301"]
[BlackFideId "13402463"]
[EventDate "2020.05.25"]

1. Nf3 Nf6 2. d4 d5 3. c4 e6 4. Nc3 Be7 5. Bf4 O-O 6. e3 b6 7. Bd3 dxc4 8. Bxc4
Ba6 9. Qe2 Bxc4 10. Qxc4 c5 11. O-O Nbd7 12. Rfd1 Rc8 13. Qa4 cxd4 14. Rxd4 Bc5
15. Rd2 Qe7 16. Rad1 Nb8 17. Nb5 Nd5 18. Bg3 a6 19. Nbd4 b5 20. Qb3 Bxd4 21.
Nxd4 Rfd8 22. Bxb8 Rxb8 23. Nc6 1-0

[Event "Euro Online U2300 Day 1"]
[Site "chess.com INT"]
[Date "2020.05.25"]
[Round "7"]
[White "Prinz, Hubert"]
[Black "Petricek, Lukas"]
[Result "0-1"]
[WhiteElo "1956"]
[BlackElo "2096"]
[WhiteFideId "1639447"]
[BlackFideId "23703318"]
[EventDate "2020.05.25"]

1. d4 Nf6 2. Nf3 d5 3. e3 Bf5 4. Bd3 Bxd3 5. Qxd3 e6 6. O-O Bd6 7. Nbd2 Nbd7 8.
c4 c6 9. c5 Bc7 10. b4 O-O 11. a4 e5 12. dxe5 Nxe5 13. Nxe5 Bxe5 14. Rb1 Qe7 15.
Bb2 Bxb2 16. Rxb2 a5 17. Rc1 axb4 18. Rxb4 Ra5 19. Nb3 Ra7 20. Nd4 g6 21. Qb3
Ne4 22. Qc2 Rfa8 23. f3 Nf6 24. Qb3 Nd7 25. Rxb7 Rxb7 26. Qxb7 Qxe3+ 27. Kf1
Qxc1+ 28. Kf2 Qd2+ 29. Kg3 Qe1+ 30. Kh3 Qe8 31. Qxc6 Rc8 32. Qxd5 Rxc5 33. Qd6
Rh5+ 34. Kg3 Qe1+ 35. Kg4 Qh4# 0-1

[Event "Euro Online U2300 Day 1"]
[Site "chess.com INT"]
[Date "2020.05.25"]
[Round "7"]
[White "Cech, Dominik"]
[Black "Rzayev, Askar Aliakbar"]
[Result "0-1"]
[WhiteElo "2137"]
[BlackElo "2129"]
[WhiteFideId "14908212"]
[BlackFideId "13405039"]
[EventDate "2020.05.25"]

1. e4 e6 2. d4 d5 3. Bd3 c5 4. exd5 Qxd5 5. Nc3 Qxd4 6. Nb5 Qd8 7. Bf4 Na6 8.
Qf3 Nf6 9. O-O-O Qb6 10. Nd6+ Bxd6 11. Bxd6 Bd7 12. Bxa6 Qxa6 13. Bxc5 O-O-O 14.
Qc3 Ne4 15. Qe3 Qxa2 16. c3 Qa1+ 17. Kc2 Ba4+ 0-1

[Event "Euro Online U2300 Day 1"]
[Site "chess.com INT"]
[Date "2020.05.25"]
[Round "7"]
[White "Thorsbro, Peter"]
[Black "Galiana Fernandez, Adrian"]
[Result "1/2-1/2"]
[BlackTitle "FM"]
[WhiteElo "2144"]
[BlackElo "2260"]
[WhiteFideId "1406671"]
[BlackFideId "32010150"]
[EventDate "2020.05.25"]

1. d4 Nf6 2. c4 g6 3. Nc3 d5 4. cxd5 Nxd5 5. Bd2 Bg7 6. Nf3 O-O 7. e4 Nxc3 8.
Bxc3 Bg4 9. Be2 c5 10. d5 e6 11. Bxg7 Kxg7 12. O-O exd5 13. exd5 Qd6 14. Qd2 Nd7
15. Rad1 Rad8 16. b4 Nf6 17. bxc5 Qxc5 18. Qf4 Rfe8 1/2-1/2

[Event "Euro Online U2300 Day 1"]
[Site "chess.com INT"]
[Date "2020.05.25"]
[Round "7"]
[White "Razafindratsima, Timothe"]
[Black "Piankov, Evgenij"]
[Result "1-0"]
[WhiteTitle "FM"]
[BlackTitle "IM"]
[WhiteElo "2336"]
[BlackElo "2216"]
[WhiteFideId "36069884"]
[BlackFideId "14100525"]
[EventDate "2020.05.25"]

1. e4 c6 2. d4 d5 3. Nd2 g6 4. c3 Bg7 5. Ngf3 dxe4 6. Nxe4 Nf6 7. Bd3 Nxe4 8.
Bxe4 Nd7 9. O-O O-O 10. Re1 Nf6 11. Bc2 Bg4 12. h3 Bxf3 13. Qxf3 Nd5 14. Bg5 Qd7
15. Rad1 e6 16. h4 h5 17. g4 hxg4 18. Qxg4 f5 19. Qg3 Qf7 20. c4 Nf6 21. Re2 Nh5
22. Qe3 Rfe8 23. Bb3 Nf6 24. Qf3 Rad8 25. d5 c5 26. Ba4 Re7 27. d6 b5 28. dxe7 1-0

[Event "Euro Online U2300 Day 1"]
[Site "chess.com INT"]
[Date "2020.05.25"]
[Round "7"]
[White "Potapenko, Denis"]
[Black "Vuckovic, Marko"]
[Result "1-0"]
[WhiteElo "2150"]
[BlackElo "2059"]
[WhiteFideId "4132769"]
[BlackFideId "16501870"]
[EventDate "2020.05.25"]

1. d4 Nf6 2. Nc3 e6 3. Nf3 c5 4. e4 cxd4 5. Nxd4 d6 6. g4 Nc6 7. g5 Nd7 8. Be3
Be7 9. h4 a6 10. Bc4 Nde5 11. Bb3 Bd7 12. f4 Ng6 13. h5 Nf8 14. Qf3 e5 15. Nxc6
bxc6 16. fxe5 Be6 17. O-O-O Bxg5 18. Rxd6 Qe7 19. Ba4 Nd7 20. Bxc6 O-O 21. Bxd7
Bxd7 22. Nd5 Bxe3+ 23. Qxe3 Qd8 24. h6 1-0

[Event "Euro Online U2300 Day 1"]
[Site "chess.com INT"]
[Date "2020.05.25"]
[Round "7"]
[White "Gabriel, Josef"]
[Black "Siradze, Salome"]
[Result "1-0"]
[WhiteElo "2046"]
[BlackElo "2008"]
[WhiteFideId "4609948"]
[BlackFideId "13603973"]
[EventDate "2020.05.25"]

1. e4 c5 2. Nf3 Nc6 3. d3 e5 4. g3 d6 5. Bg2 Be7 6. c3 Nf6 7. O-O O-O 8. Na3 Bg4
9. h3 Bh5 10. g4 Bg6 11. Nc2 d5 12. Nd2 dxe4 13. dxe4 h5 14. Ne3 hxg4 15. hxg4
Nh7 16. Nf5 Bg5 17. Qe2 Bf4 18. Nf3 Bxf5 19. exf5 Ng5 20. Bxf4 exf4 21. Rad1 Qf6
22. Rd7 Rfe8 23. Qd2 Nxf3+ 24. Bxf3 Ne5 25. Qd5 Nxd7 26. Qxd7 Rad8 27. Qxb7 Rd6
28. Qxa7 Qh4 29. Qa4 Rh6 30. Qxe8+ 1-0